000 01315nam a22002777a 4500
003 dpl
005 20180717130330.0
008 180717b xxu||||| |||| 00| 0 eng d
010 _aB-056411
020 _c200.00
_a8178820102
035 _aB-056411, B-056421
037 _bCen Lib/Ret
040 _aDPL
_bHN
_c0
082 _a
_bधूमके
100 _aधूमकेतु
_960509
245 _aचण्ड अशोक :
_cधूमकेतु
_bगुजराती के प्रसिद्द उपन्यास 'चण्ड अशोक' का हिंदी अनुवाद /
246 _aChand Ashok : Gujrati ke prasidhh upanyas 'Chand Ashok' ka Hindi anuwaad /
_bby Dhumketu
260 _aदिल्ली
_bसुरेन्द्रकुमार एंड संस
_c2001
270 _a30/21ए-22ए, गली न.9, विश्वासनगर, शाहदरा
_bदिल्ली
_e110032
300 _a176पृ.
_c21सेमी (सजिल्द)
650 _a हिन्दी साहित्य
_960510
650 _a हिन्दी साहित्य -- उपन्यास
_946379
650 _aHindi literature
_960511
650 _aHindi literature -- Fiction
_960512
942 _2ddc
_cHN
_h
_mधूमके
999 _c115232
_d115232